LEADER 00865nam0-22003011i-450- 001 990001866430403321 005 20021010 035 $a000186643 035 $aFED01000186643 035 $a(Aleph)000186643FED01 035 $a000186643 100 $a20021010d--------km-y0itay50------ba 101 0 $aita 200 1 $a<>infestamenti di alghe in risaia distrutti col solfato di rame$fG. Sampietro. 210 $aTorino$cSocieta Anonima Ollomont$d1926. 215 $a18 p.$d24 cm 610 0 $aInfestazioni 610 0 $aAlghe 676 $a632.6 700 1$aSampietro,$bGiovanni$0353874 801 0$aIT$bUNINA$gRICA$2UNIMARC 901 $aBK 912 $a990001866430403321 952 $a60 MISC. B 123/9$b$fFAGBC 959 $aFAGBC 996 $aInfestamenti di alghe in risaia distrutti col solfato di rame$9401203 997 $aUNINA DB $aING01 LEADER 00715nam0-2200229 --450 001 9910267360103321 005 20180510125017.0 100 $a20180510d1970----km y0itay50 ba 101 0 $aita 102 $aIT 105 $a 001yy 200 1 $aEconomia dei trasporti$edispense$edalle lezioni tenute all'Università di Genova negli anni accademici 1968-1969 e 1969-70$fUgo Marchese 210 $aGenova$cEdizioni Culturali Italiane$dstampa 1970 215 $a329 p.$d24 cm 700 1$aMarchese,$bUgo$0460385 801 0$aIT$bUNINA$gREICAT$2UNIMARC 901 $aBK 912 $a9910267360103321 952 $aD3/60$b1336$fDINTR 959 $aDINTR 996 $aEconomia dei trasporti$91505197 997 $aUNINA LEADER 05249nam 2200601 a 450 001 9910830885803321 005 20230721030251.0 010 $a1-281-03198-4 010 $a9786611031985 010 $a0-470-51309-8 010 $a0-470-51308-X 035 $a(CKB)1000000000377301 035 $a(EBL)316236 035 $a(OCoLC)476106855 035 $a(SSID)ssj0000123520 035 $a(PQKBManifestationID)11143360 035 $a(PQKBTitleCode)TC0000123520 035 $a(PQKBWorkID)10014335 035 $a(PQKB)10019298 035 $a(MiAaPQ)EBC316236 035 $a(EXLCZ)991000000000377301 100 $a20070416d2007 uy 0 101 0 $aeng 135 $aur|n|---||||| 181 $ctxt 182 $cc 183 $acr 200 00$aClinical diabetes research$b[electronic resource] $emethods and techniques /$fedited by Michael Roden 210 $aChichester, West Sussex, England ;$aHoboken, N.J. $cJohn Wiley and Sons$dc2007 215 $a1 online resource (424 p.) 300 $aDescription based upon print version of record. 311 $a0-470-01728-7 320 $aIncludes bibliographical references and index. 327 $aClinical Diabetes Research; Contents; List of Contributors; 1 Basics of Clinical Metabolic Research; 2 Methods for the Assessment of ?-Cell Function In Vivo; Introduction; Methods for insulin secretion in vivo; ?-cell response characteristics; ?-cell function tests; Modelling methods; ?-cell function and insulin sensitivity; Comparative evaluation of methods; Conclusion; 3 Assessment of Insulin Sensitivity from Steady-State and Dynamic Tests; Introduction; Insulin sensitivity from steady-state tests; Insulin sensitivity from dynamic tests; Conclusion; 4 Glucose Clamp Techniques; Introduction 327 $aBasic principles of the euglycaemic hyperinsulinaemic clamp techniqueMethodology; Reproducibility of insulin sensitivity obtained from clamp tests; Safety considerations for hyperinsulinaemiac euglycaemic clamp test; Modifications of the euglycaemic hyperinsulinaemic clamp test protocol; Conclusion; 5 Methods of Assessment of Counterregulation to Hypoglycaemia; Introduction; Definitions; Pathophysiology; Documentation of hypoglycaemia experience; Investigating the pathogenesis of problematic hypoglycaemia; Hypoglycaemic stimuli for research; Measurement of physiological responses; Conclusion 327 $a6 Glucose Kinetics: Measurement of Flux RatesIntroduction; Measurement of glucose production and uptake by the liver - tissue balance techniques; Properties of glucose tracers; Measurement of glucose production and uptake by the liver - systemic techniques; Conclusion; Acknowledgements; 7 Xenobiotics as Probes of Carbohydrate Metabolism; Introduction; Glucuronidation; Glutamination; Ribosylation; Acetylation; Glycination; 8 Tracing Hepatic Glucose and Glycogen Fluxes with 2H2O; Introduction; Methodology; Theoretical considerations; Quantifying hepatic glucose and glycogen metabolism 327 $aConclusion9 Lipid Kinetics; Introduction; Tracers for the study of adipose tissue lipolysis; Tracers for the study of triglyceride-rich lipoprotein kinetics; Conclusion; Acknowledgements; 10 Protein and Amino Acid Kinetics; Introduction; Measuring amino acid turnover; Measuring protein turnover; Proteome dynamics; Urea kinetics; Determining the molecular control of protein dynamics; Conclusion; Acknowledgements; 11 Assessment of Metabolic Fluxes by In Vivo MR Spectroscopy; Phenomena of nuclear magnetic resonance - imaging and spectroscopy; Skeletal muscle; Liver; Brain; Conclusion 327 $a12 Positron Emission Tomography in Metabolic ResearchIntroduction; Tracers for metabolic imaging; Principles of modeling; Future perspectives; 13 Assessment of Body Fat Content and Distribution; Introduction; Measurement techniques; Body fat distribution and insulin resistance; 14 Tissue Biopsies in Diabetes Research; Introduction; Percutaneous needle biopsy of skeletal muscle; Biopsy procedure and sample handling; Discomfort and complications of needle biopsy; Advantages and limitations of needle biopsy; Application of muscle biopsy in diabetes; Morphology of skeletal muscle 327 $aApplication of muscle morphology in type 2 diabetes 330 $aA practical ""how to"" guide for multiple methods in metabolism, with a critical and objective discussion of strengths, limitations, and appropriate applications of the described methods. Edited by the winner of the Oskar-Minkowski Prize of the EASD in 2006 Clinical trials in populations at risk of or with overt diabetes mellitus are being performed all around the world to test novel drugs and approaches to managing these diseases. During the last decade, new methods and techniques have been introduced - and are being developed further - that facilitate monitoring of metaboli 606 $aDiabetes 606 $aDiabetes$xResearch 615 0$aDiabetes. 615 0$aDiabetes$xResearch. 676 $a616.4620072 701 $aRoden$b Michael$cDr.$01670050 801 0$bMiAaPQ 801 1$bMiAaPQ 801 2$bMiAaPQ 906 $aBOOK 912 $a9910830885803321 996 $aClinical diabetes research$94031635 997 $aUNINA LEADER 02175nas 2200649-a 450 001 9910138426703321 005 20260218110032.0 035 $a(CKB)110978976779977 035 $a(CONSER)---82646613- 035 $a(DE-599)ZDB2765851-X 035 $a(DE-599)2765851-X 035 $a(EXLCZ)99110978976779977 100 $a20751101a19359999 --- b 101 0 $ager 181 $ctxt$2rdacontent 182 $cc$2rdamedia 183 $acr$2rdacarrier 200 00$aStudi germanici 210 $aRoma $cEdizioni dell'Ateneo 215 $a1 online resource 311 08$aPrint version: Studi germanici. 0039-2952 (DLC) 82646613 (OCoLC)1766653 531 1 $aStudi ger. 606 $aGerman literature$xHistory and criticism$vPeriodicals 606 $aGerman philology$vPeriodicals 606 $aGermanic philology$vPeriodicals 606 $a18.02 Germanic languages: general$3(NL-LeOCL)077599683$2bcl 606 $aGerman literature$2fast$3(OCoLC)fst00941797 606 $aGerman philology$2fast$3(OCoLC)fst00941908 606 $aGermanic philology$2fast$3(OCoLC)fst00942066 606 $aGermaanse talen$2gtt 606 $aGermanistiek$2gtt 606 $aFilologie$2gtt 606 $aGerman literature$xHistory and criticism$vPeriodicals$2nli 606 $aGerman philology$vPeriodicals$2nli 606 $aGermanic philology$vPeriodicals$2nli 608 $aCriticism, interpretation, etc.$2fast 608 $aPeriodicals.$2fast 615 0$aGerman literature$xHistory and criticism 615 0$aGerman philology 615 0$aGermanic philology 615 7$a18.02 Germanic languages: general. 615 7$aGerman literature. 615 7$aGerman philology. 615 7$aGermanic philology. 615 17$aGermaanse talen. 615 17$aGermanistiek. 615 17$aFilologie. 615 7$aGerman literature$xHistory and criticism 615 7$aGerman philology 615 7$aGermanic philology 676 $a830/.9 712 02$aIstituto italiano di studi germanici. 906 $aJOURNAL 912 $a9910138426703321 920 $aexl_impl conversion 996 $aStudi germanici$985383 997 $aUNINA